| 000 | 01765nam a2200325 i 4500 | ||
|---|---|---|---|
| 003 | DO-SdBNP | ||
| 005 | 20240305073657.0 | ||
| 007 | ta | ||
| 008 | 110413s2023 dr o 000 0 spa d | ||
| 020 | _a9789945939606 | ||
| 040 |
_aDO-SdBNP _bspa _cBNPHU _erda |
||
| 041 | _hfra. | ||
| 082 |
_bP489f _222 |
||
| 100 | 1 |
_aPetitjean Roget, Henry _984383 |
|
| 245 | 1 | 0 |
_aHistorias de una colección arqueológica : _buna introducción al estudio del arte taíno / _cHenry Petitjean Roget ; prefacio Manuel A. García Arévalo ; fotos Milka Pasco |
| 246 | 0 |
_aHistoire d´ une collection archéologique : _bune introduction á l´étude de l´art taïno / |
|
| 264 | 1 |
_aSanto Domingo : _bFundación Nicole & Pierre Domino, _bAmigo del hogar, _c2023. |
|
| 300 |
_a131 páginas _c32 cm. _bfotografías |
||
| 336 |
_2rdacontent _atexto _btxt |
||
| 337 |
_2rdamedia _asin mediación _bn |
||
| 338 |
_2rdacarrier _avolumen _bnc |
||
| 500 | _aLibro de pasta dura. | ||
| 504 | _aBibliografías p: 127-131 | ||
| 505 | 2 |
_tPrefacio -- _tA modo e introducción -- _tLa colección taína de la fundación Nicole y Pierre Domino -- _tUn poco de historia: al final de una navegación, un encuentro -- _tAsentamientos amerindios precolombinos en las Antillas -- _tBreves aspectos de la sociedad taína -- _tLos temas principales del arte taíno -- _tsobre algunas técnicas de fabricación -- _tFoco sobre algunos objetos de la colección -- _tÁlbum de formas y diseños cerámicos de la colección Nicole y Pierre Domino -- _tEn conclusión -- _tAgradecimientos -- _tDirectrices bibliográficas -- |
|
| 590 | _aInventariado, 2023/ YL | ||
| 700 | 1 |
_aSilié, Rubén, _d1946- _eprefacio _91421 |
|
| 700 |
_aPasco, Milka _efotografías _984384 |
||
| 910 | _aYLockward | ||
| 942 |
_2ddc _cLBS1 |
||
| 999 |
_c55079 _d55079 |
||